000 01223cab a2200301 4500
001 ABS45531
008 090401t1991 xxu||||| |||| 00| 0 eng d
035 _a(Sirsi) u53592
041 _aeng
100 _aPowell-Smith, V.
245 _aAvoiding the snare of restrictive time limits
260 _c1991
350 _a0
490 _aContract Journal
_v36195851) 12 December 1991, 10(1)
520 _aRaises the question of the application of Arbitration Act 1950 s27 providing for the extension of contractual time for starting arbitration proceedings at the discretion of the court, to JCT 1980 clause 30.9, which stipulates the commencement of arbitration proceedings within 28 days of the final certificate having been issued.
650 _aARBITRATION ACT 1950 S27
650 _aBABANAFT INTERNATIONAL CO SA V AVANT PETROLEUM INC
650 _aBUILT ENVIRONMENT-BUILDING CONTRACT FORMS
650 _aCOMDEL COMMODITIES V SIPOREX SA
650 _aEMSON CONTRACTORS LTD V PROTEA ESTATES LTD
650 _aEXTENSION OF TIME
650 _aHARDSHIP
650 _aJCT 1980 CL30.9
650 _aTIME LIMITS
690 _aBUILT ENVIRONMENT-BUILDING CONTRACT FORMS
942 _n0
948 _c04/03/1997
999 _c33016
_d33016